| 000 | 00934nam a2200301 i 4500 | ||
|---|---|---|---|
| 003 | EG-GICUC | ||
| 005 | 20260423095542.0 | ||
| 008 | 260423s1976 it a|||fr|||| 001 0 eng d | ||
| 040 |
_aEG-GiCUC _bita _cEG-GiCUC _dEG-GiCUC _erda |
||
| 041 | 0 | _aita | |
| 082 | 0 | 4 |
_221 _a343 _bCA . A |
| 092 | 0 | 4 | _221 |
| 099 | _aLaw1 10 343 CA . A 1976 | ||
| 100 | 1 |
_aCatania, Alfonso _eAuthor. |
|
| 245 | 1 | 0 |
_aArgomenti Per Una Teoria Dell'ordinamento Giuridico: _cAlfonso Catania |
| 264 | 1 |
_aNapoli: _bCasa Editrice Dott. Eugenio Jovene; _c1976. |
|
| 300 |
_a208 pages : _billustrations, _c24 cm |
||
| 336 |
_2rda content _atext |
||
| 337 |
_2rda media _aComputer |
||
| 338 |
_2rda carrier _aOnline Resource |
||
| 500 | _aIncludes index. | ||
| 546 | _a Text in Italian | ||
| 650 | 1 |
_aCriminal law _2qrmak |
|
| 651 | 1 | _2qrmak | |
| 856 | 4 | 0 | _uhttps://fll.law.cu.edu.eg/fulltext/bks/B10-11482.pdf |
| 905 | _a158 | ||
| 942 |
_2ddc _n0 _cBK _e21 |
||
| 999 |
_c72963 _d72963 |
||